Antologi Puisi Penyair-Penyair Kedah (Record no. 145627)

MARC details
000 -LEADER
fixed length control field 00769nam a2200277 i 4500
001 - CONTROL NUMBER
control field C2-0224811
003 - CONTROL NUMBER IDENTIFIER
control field PPAK
005 - DATE AND TIME OF LATEST TRANSACTION
control field 20180728153215.0
008 - FIXED-LENGTH DATA ELEMENTS--GENERAL INFORMATION
fixed length control field 000516s1999 xx |||| ||||| | may d
020 ## - INTERNATIONAL STANDARD BOOK NUMBER
International Standard Book Number 9832174007
040 ## - CATALOGING SOURCE
Original cataloging agency PPAK
Language of cataloging eng
Transcribing agency PPAK
Description conventions rda
082 04 - DEWEY DECIMAL CLASSIFICATION NUMBER
Classification number 808.192
Edition number 23
090 00 - LOCALLY ASSIGNED LC-TYPE CALL NUMBER (OCLC); LOCAL CALL NUMBER (RLIN)
Classification number (OCLC) (R) ; Classification number, CALL (RLIN) (NR) 808.192
Feature heading ANT
Feature heading KAF
Classification number (OCLC) (R) ; Classification number, CALL (RLIN) (NR) 808.192
Feature heading ANT
Feature heading KAR
Classification number (OCLC) (R) ; Classification number, CALL (RLIN) (NR) 808.192
Feature heading ANT
Feature heading KK
Classification number (OCLC) (R) ; Classification number, CALL (RLIN) (NR) 808.192
Feature heading ANT
Feature heading KSS
245 00 - TITLE STATEMENT
Title Antologi Puisi Penyair-Penyair Kedah
Remainder of title Qalha
264 #1 - PRODUCTION, PUBLICATION, DISTRIBUTION, MANUFACTURE, AND COPYRIGHT NOTICE
Place of production, publication, distribution, manufacture [place of publication not identified] :
Name of producer, publisher, distributor, manufacturer Jihaty Abadi ,
Date of production, publication, distribution, manufacture, or copyright notice 1999
300 ## - PHYSICAL DESCRIPTION
Extent 93 pages ;
Dimensions 20 cm
336 ## - CONTENT TYPE
Source rdacontent
Content type term text
337 ## - MEDIA TYPE
Source rdamedia
Media type term unmediated
338 ## - CARRIER TYPE
Source rdacarrier
Carrier type term volume
650 10 - SUBJECT ADDED ENTRY--TOPICAL TERM
Topical term or geographic name entry element Poetry - Collections
700 ## - ADDED ENTRY--PERSONAL NAME
Relator term author
942 ## - ADDED ENTRY ELEMENTS (KOHA)
-- dc
Koha item type Book
Holdings
Withdrawn Not for loan Current library Shelving location Date acquired Full call number Barcode Date last seen Koha item type Total Checkouts
  Not For Loan Perpustakaan Alor Setar Koleksi Shaidun Shaari 05/09/2012 KSS 808.192 ANT A00507933 31/05/2018 Book  
  Not For Loan Perpustakaan Alor Setar Koleksi Shaidun Shaari 05/09/2012 KSS 808.192 ANT A00507932 31/05/2018 Book  
  Not For Loan Perpustakaan Alor Setar Koleksi Kedah 16/05/2000 KK 808.192 ANT A00155585 31/05/2018 Book  
  Not For Loan Perpustakaan Alor Setar Koleksi Shaidun Shaari 27/04/2008 KSS 808.192 ANT A00507990 31/05/2018 Book  
  Not For Loan Perpustakaan Alor Setar Koleksi Kedah 17/05/2000 KK 808.192 ANT A00155588 31/05/2018 Book  
  Not For Loan Perpustakaan Alor Setar Koleksi Affrini Adham 08/11/2006 KAF 808.192 ANT A00506027 31/05/2018 Book  
  Not For Loan Perpustakaan Alor Setar Koleksi Affrini Adham 09/11/2006 KAF 808.192 ANT A00506038 31/05/2018 Book  
  Not For Loan Perpustakaan Alor Setar Koleksi Shaidun Shaari 04/09/2012 KSS 808.192 ANT A00507925 31/05/2018 Book  
  Not For Loan Perpustakaan Alor Setar Koleksi Halim R 09/10/2025 KHR 808.192 ANT A00501492 09/10/2025 Book  
  Not For Loan Perpustakaan Alor Setar Koleksi Halim R 09/10/2025 KHR 808.192 ANT A00501493 09/10/2025 Book  
  Not For Loan Perpustakaan Baling Koleksi A.Rahmad 21/07/2004 KAR 808.192 ANT A00500212 31/05/2018 Book  
  Not For Loan Perpustakaan Merbok Koleksi Kedah 16/05/2000 KK 808.192 ANT A00155584 31/05/2018 Book